000 00426nam a2200157 a 4500
001 000017125
005 20200929165029.0
008 100317s1927 dr 000 0 spa d
040 _aDO-SdBNP
_bspa
_cBNPHU
082 _axxx
_bA388u
100 1 _aAlfonseca, R. Pérez
_937726
245 1 3 _aEl último evangelio /
_cR. Pérez Alfonseca.
260 _aLa Habana :
_bHermes,
_c1927.
300 _a118 p. ;
_c21 cm.
049 _aBNPD
999 _c16651
_d16651